日本のプロ野球球団(2024年) - Statistics

General Stats
  • This quiz has been taken 89 times
  • The average score is 25 of 43
Answer Stats
Groups 球団名 % Correct
日本野球機構(NPB) 広島東洋カープ
97%
日本野球機構(NPB) 読売ジャイアンツ
96%
日本野球機構(NPB) 中日ドラゴンズ
96%
日本野球機構(NPB) 阪神タイガース
96%
日本野球機構(NPB) 東北楽天ゴールデンイーグルス
96%
日本野球機構(NPB) 福岡ソフトバンクホークス
96%
日本野球機構(NPB) 東京ヤクルトスワローズ
94%
日本野球機構(NPB) 北海道日本ハムファイターズ
94%
日本野球機構(NPB) 埼玉西武ライオンズ
94%
日本野球機構(NPB) オリックス・バファローズ
94%
日本野球機構(NPB) 横浜DeNAベイスターズ
94%
日本野球機構(NPB) 千葉ロッテマリーンズ
91%
日本野球機構(NPB) オイシックス新潟アルビレックスBC
76%
四国アイランドリーグplus 徳島インディゴソックス
66%
四国アイランドリーグplus 愛媛マンダリンパイレーツ
65%
四国アイランドリーグplus 高知ファイティングドッグス
65%
四国アイランドリーグplus 香川オリーブガイナーズ
63%
日本野球機構(NPB) くふうハヤテベンチャーズ静岡
62%
BCリーグ 埼玉武蔵ヒートベアーズ
59%
BCリーグ 栃木ゴールデンブレーブス
56%
BCリーグ 茨城アストロプラネッツ
54%
BCリーグ 群馬ダイヤモンドペガサス
53%
日本海リーグ 富山GRNサンダーバーズ
49%
BCリーグ 神奈川フューチャードリームス
46%
日本海リーグ 石川ミリオンスターズ
44%
関西独立リーグ 大阪ゼロロクブルズ
43%
九州アジアリーグ 佐賀インドネシアドリームズ
41%
九州アジアリーグ 大分B-リングス
41%
九州アジアリーグ 宮崎サンシャインズ
40%
九州アジアリーグ 火の国サラマンダーズ
38%
関西独立リーグ 和歌山ウェイブス
37%
関西独立リーグ 堺シュライクス
37%
BCリーグ 福島レッドホープス
35%
北海道ベースボールリーグ 旭川ビースターズ
35%
九州アジアリーグ 北九州下関フェニックス
35%
関西独立リーグ 兵庫ブレイバーズ
28%
北海道フロンティアリーグ KAMIKAWA・士別サムライブレイズ
28%
BCリーグ 信濃グランセローズ
26%
関西独立リーグ 姫路イーグレッターズ
26%
関西独立リーグ 淡路島ウォリアーズ
21%
北海道フロンティアリーグ 石狩レッドフェニックス
21%
北海道ベースボールリーグ 富良野ブルーリッジ
18%
北海道フロンティアリーグ 美唄ブラックダイヤモンズ
18%
No matching quizzes found
Score Distribution
Percent of People with Each Score
Percentile by Number Answered
Your Score History
You have not taken this quiz